00706nam a2200229Ia 4500003000900000008004100009040001300050040001300063041000800076100002800084245004200112250002200154260002100176260000900197300001100206300001000217490002100227490000600248942000700254999001700261952019800278IT-RoPAU120407s9999 xx 000 0 und d aIT-RoPAU cIT-RoPAU aita aBernard Charles Andrè aLa spiritualità del cuore di Cristo aCinisello Balsamo aEdizioni Paoline c1989 a119 p. c21 cm aSpiritualità,4 v1 cBK c24677d24677 00102ddc406248_26400000000000071aPAULUSbPAULUSd2012-04-11l0o248.264r2012-04-11 00:00:00w2012-04-11yBKzInserito da: Carla In data: 24 ottobre 2011 fondo: Via A.Severo 56 Progr:21872